| 000 | 00542cam a2200205ua 4500 | ||
|---|---|---|---|
| 001 | 7325 | ||
| 008 | 141206n ii |||gr||||Z||||||ben | ||
| 020 | _a8172012519 | ||
| 040 | _cMAIN | ||
| 041 | _aben | ||
| 082 | _a891.443 | ||
| 100 |
_aSikdar, A. Kr., _eEditor. |
||
| 245 | 1 |
_aBangla galpa sankalam : _bvol. II / _cEdited by Asru Kumar Sikdar . |
|
| 250 | _a1st. | ||
| 260 |
_aNew Delhi: _bSahitya Akademi, _c19921. |
||
| 300 | _a207p. | ||
| 653 | _aEast Indo-European & Celtic literatures | ||
| 653 | _aBengali stories | ||
| 942 | _cBK | ||
| 999 |
_c6450 _d6450 |
||